000 02975cam a22011654i 4500
003 PE-LiUPU
005 20250813185526.0
008 150625s2006 ck r 000 0 spa d
035 _a(Sirsi) a38183
040 _aPE-LiUPU
_bspa
_cPE-LiUPU
_erda
082 0 4 _a372.414
_bA71
_221
100 1 _aAristizábal, Alberto,
_eautor.
245 1 0 _aCómo Leer Mejor /
_cAlberto Aristizábal.
250 _a6a edición.
264 1 _aBogotá :
_bEcoe ediciones,
_c2006.
300 _a227 páginas ;
_c21 centímetros
336 _atext
_2rdacontent
337 _aunmediated
_2rdamedia
338 _avolume
_2rdacarrier
505 0 _aTema del párrafo. -El párrafo y la idea central. -Cómo inferir de la lectura. -Cómo trabajar una lectura de estudio. -Eficiencia en la lectura. -Lectura rápida. -La mano como guía durante la lectura. -Cómo recordar lo leído. -Cómo tomar notas en una clase o en una conferencia.
526 _aP202
526 _aP201
526 _aP163
526 _aP162
526 _aP161
526 _aP160
526 _aP148
526 _aP147
526 _aP146
526 _aP145
526 _aP144
526 _aP143
526 _aP142
526 _aP141
526 _aP140
526 _aP139
526 _aP138
526 _aP137
526 _aP136
526 _aP135
526 _aP134
526 _aP133
526 _aP129
526 _aP128
526 _aP127
526 _aP120
526 _aP119
526 _aP118
526 _aP116
526 _aP115
526 _aP114
526 _aP110
526 _aP109
526 _aP108
526 _aP104
526 _aP103
526 _aP102
526 _aP99
526 _aP98
526 _aP97
526 _aP96
526 _aP95
526 _aP93
526 _aP90
526 _aP89
526 _aP88
526 _aP83
526 _aP82
526 _aP62
526 _aP59
526 _aP58
526 _aP57
526 _aP51
526 _aP49
526 _aP48
526 _aP47
526 _aP29
526 _aP24
526 _aP20
526 _aP19
526 _aP17
526 _aP15
526 _aP14
526 _aP12
526 _aP10
526 _aP09
526 _aP08
526 _aP07
526 _aP06
526 _aP05
526 _aP04
526 _aP01
541 _g001-026443;
650 0 4 _aLectura
_xMetodología.
_91834
910 _bjv
_clch
_d20070809
942 _2ddc
_cBOOK
949 _a372.414 A71
_wDEWEY
_c1
_i57306
_lCCODEBUL1
_mBUL
_p23.00
_r0
_sY
_tBOOK
_u2015-06-25
_xEDUCACION
_PP20
_0COMPRA
_o.STAFF. Colección General
596 _a1
999 _a372.414 A71
_wDEWEY
_c46439
_i57306
_d46439
_e2019-7-5
_f2021-11-8
_g5
_lCCODEBUL1
_mBUL
_n7
_p23.00
_q1
_r0
_sY
_tBOOK
_u2015-6-25
_xEDUCACION
_PP20
_0COMPRA
_o.STAFF. Colección General
980 _81
_gALBERTO SANCHEZ Responsable de Automatización